| 000 | 00520ngm a2200217 4500 | ||
|---|---|---|---|
| 005 | 20170509134707.0 | ||
| 006 | a|||||r|||| 00| | | ||
| 008 | 160218b xxu||||| |||| 00| 0 spa d | ||
| 041 | _aspa | ||
| 082 | _a162 DVD | ||
| 245 | _aGuanacaste tierra caliente | ||
| 260 |
_bMercat _aCosta Rica |
||
| 260 | _c2001 | ||
| 300 | _a44 minutos | ||
| 650 |
_aCOSTA RICA _942528 |
||
| 650 |
_aGUANACASTE _91778 |
||
| 650 |
_aVOLCANES _91142 |
||
| 650 |
_aPLAYAS _98299 |
||
| 650 |
_aBIODIVERSIDAD _91061 |
||
| 942 | _cDVD | ||
| 999 |
_c9372 _d9372 |
||